[Event "Voronezh op-B 23rd"]
[Site "Voronezh"]
[Date "2019.06.17"]
[Round "6"]
[White "Provkin, Vladimir"]
[Black "Lekhtonen, Yaroslav"]
[Result "1-0"]
[WhiteElo "2176"]
[BlackElo "1776"]
[PlyCount "117"]
[EventDate "2019.06.12"]
[EventType "swiss"]
[EventRounds "9"]
[EventCountry "RUS"]
[SourceTitle "EXT 2020"]
[Source "ChessBase"]
[SourceDate "2019.10.17"]
[SourceVersion "1"]
[SourceVersionDate "2019.10.17"]
[SourceQuality "1"]

1. d4 d5 2. Bg5 c6 3. Nf3 Nf6 4. Bxf6 exf6 5. e3 Bf5 6. Bd3 Bxd3 7. Qxd3 Bd6 8. Nbd2 Nd7 9. 0-0 0-0 10. c4 dxc4 11. Nxc4 Bc7 12. Rfd1 Qe7 13. Qb3 Nb6 14. Rd3 Rfd8 15. Rad1 Nd5 16. a3 Rab8 17. Ncd2 Qe6 18. g3 f5 19. Nb1 Qe4 20. Nfd2 Qg4 21. Nc3 Nxc3 22. bxc3 f4 23. exf4 Bxf4 24. Rf3 Bxd2 25. Qxf7+ Kh8 26. Rxd2 Qe4 27. Rdd3 Re8 28. Rde3 Qb1+ 29. Kg2 Rg8 30. Re7 Qb2 31. a4 a5 32. Rd7 Qa3 33. c4 Qxa4 34. Qf5 c5 35. d5 b6 36. Rf4 Rbf8 37. Rf7 Rxf7 38. Qxf7 Qe8 39. Qa7 Qb8 40. Rf7 Qxa7 41. Rxa7 Rb8 42. Kf3 Kg8 43. Ke4 Re8+ 44. Kd3 Rf8 45. f4 Rf7 46. Ra6 Rb7 47. g4 Kf7 48. h4 Kf6 49. Ke4 Re7+ 50. Kf3 Rb7 51. g5+ Kf7 52. f5 h6 53. Kf4 b5 54. cxb5 Rxb5 55. Ra7+ Kg8 56. g6 Kf8 57. Ra8+ Ke7 58. Ke5 Rb1 59. d6+ 1-0

[Event "Voronezh op-B 22nd"]
[Site "Voronezh"]
[Date "2018.06.15"]
[Round "4"]
[White "Provkin, Vladimir"]
[Black "Teryaeva, Valeria"]
[Result "1-0"]
[WhiteElo "2182"]
[BlackElo "1787"]
[PlyCount "67"]
[EventDate "2018.06.12"]
[EventType "swiss"]
[EventRounds "9"]
[EventCountry "RUS"]
[SourceTitle "CBM 185 Extra"]
[Source "ChessBase"]
[SourceDate "2018.07.29"]
[SourceVersion "1"]
[SourceVersionDate "2018.07.29"]
[SourceQuality "1"]

1. d4 f5 2. Bg5 g6 3. Nc3 Nh6 4. f3 Nf7 5. Bh4 d5 6. e4 dxe4 7. fxe4 Bg7 8. Nf3 fxe4 9. Nxe4 Nc6 10. c3 Qd5 11. Bd3 Bf5 12. Qe2 0-0 13. Nfd2 e5 14. Bc4 Qa5 15. d5 Ncd8 16. a4 c6 17. b4 Qc7 18. d6 Qc8 19. 0-0 Kh8 20. Be7 Ne6 21. Nc5 Nf4 22. Qe3 b6 23. Nce4 Nd5 24. Qg3 Re8 25. Qh4 Be6 26. Rf2 Nh6 27. Nf6 Nxf6 28. Bxf6 Nf5 29. Bxg7+ Kxg7 30. Qe4 Bd7 31. Raf1 Nxd6 32. Rf7+ Nxf7 33. Rxf7+ Kh8 34. Qh4 1-0

[Event "Voronezh op-B 21st"]
[Site "Voronezh"]
[Date "2017.06.19"]
[Round "8"]
[White "Provkin, Vladimir"]
[Black "Kondaurov, Yury Viktorovich"]
[Result "1-0"]
[WhiteElo "2163"]
[BlackElo "2046"]
[PlyCount "53"]
[EventDate "2017.06.12"]
[EventType "swiss"]
[EventRounds "9"]
[EventCountry "RUS"]
[SourceTitle "CBM 179 Extra"]
[Source "ChessBase"]
[SourceDate "2017.08.23"]
[SourceVersion "1"]
[SourceVersionDate "2017.08.23"]
[SourceQuality "1"]

1. d4 Nf6 2. Bg5 c5 3. d5 Qb6 4. Nc3 Qxb2 5. Bd2 Qb6 6. e4 d6 7. f4 Qc7 8. Nf3 a6 9. e5 Ng4 10. Qe2 e6 11. Ng5 Nh6 12. 0-0-0 Nf5 13. dxe6 Bxe6 14. Nxe6 fxe6 15. exd6 Qxd6 16. Qe4 Qc6 17. Bc4 Nd4 18. Bd5 Qd6 19. Rhe1 Nbc6 20. f5 0-0-0 21. fxe6 Qc7 22. Bxc6 Nxc6 23. Nd5 Rxd5 24. Qxd5 Bd6 25. Bg5 Bf4+ 26. Bxf4 Qxf4+ 27. Rd2 1-0

[Event "Voronezh op-B 21st"]
[Site "Voronezh"]
[Date "2017.06.13"]
[Round "2"]
[White "Provkin, Vladimir"]
[Black "Nakonechny, Ignat"]
[Result "1-0"]
[WhiteElo "2163"]
[BlackElo "1893"]
[PlyCount "109"]
[EventDate "2017.06.12"]
[EventType "swiss"]
[EventRounds "9"]
[EventCountry "RUS"]
[SourceTitle "CBM 179 Extra"]
[Source "ChessBase"]
[SourceDate "2017.08.23"]
[SourceVersion "1"]
[SourceVersionDate "2017.08.23"]
[SourceQuality "1"]

1. d4 Nf6 2. Bg5 e6 3. e4 h6 4. Bxf6 Qxf6 5. c3 d6 6. Nd2 g6 7. Bc4 Bg7 8. h4 Nd7 9. h5 g5 10. Ne2 a6 11. a4 b6 12. Ng3 0-0 13. 0-0 Rb8 14. Qe2 Qf4 15. Rad1 c5 16. d5 exd5 17. Bxd5 Nf6 18. Qd3 Bg4 19. Ne2 Qe5 20. Nc4 Qe7 21. f3 Bxh5 22. Nxd6 Bg6 23. Ng3 Rfd8 24. Ngf5 Qe5 25. Nc4 Qc7 26. Nce3 Nh5 27. Qc2 Ng3 28. Nxg3 Qxg3 29. Qf2 Qc7 30. g3 Kh7 31. f4 f6 32. Rd2 Re8 33. e5 f5 34. Rfd1 h5 35. Bf3 Qf7 36. Rd6 h4 37. Bd5 Qf8 38. Bc6 Red8 39. Rd7 Rxd7 40. Bxd7 hxg3 41. Qxg3 gxf4 42. Qh3+ Bh6 43. Nxf5 Rd8 44. Rd6 Bxf5 45. Bxf5+ Kg8 46. Qxh6 Qxh6 47. Rxh6 Rd2 48. Rxb6 Kf7 49. Rb7+ Ke8 50. e6 f3 51. Bg6+ Kd8 52. e7+ Kc8 53. Be4 Rg2+ 54. Kf1 Rg8 55. Ra7 1-0

[Event "Voronezh op-B 20th"]
[Site "Voronezh"]
[Date "2016.06.16"]
[Round "5"]
[White "Provkin, Vladimir"]
[Black "Slugin, Yaroslav"]
[Result "0-1"]
[WhiteElo "2173"]
[BlackElo "2009"]
[PlyCount "70"]
[EventDate "2016.06.12"]
[EventType "swiss"]
[EventRounds "9"]
[EventCountry "RUS"]
[SourceTitle "EXT 2017"]
[Source "ChessBase"]
[SourceDate "2016.10.25"]
[SourceVersion "1"]
[SourceVersionDate "2016.10.25"]
[SourceQuality "1"]

1. d4 Nf6 2. Bg5 e6 3. e4 h6 4. Bxf6 Qxf6 5. c3 d6 6. Nd2 g6 7. h4 Bg7 8. Ne2 c5 9. dxc5 dxc5 10. h5 g5 11. Ng3 0-0 12. Bd3 Nc6 13. Nc4 b5 14. Ne3 Rd8 15. Qe2 c4 16. Bc2 Ne5 17. 0-0 Bb7 18. Rfd1 Qf4 19. Rxd8+ Rxd8 20. Rd1 Bf6 21. Rd4 Rxd4 22. cxd4 Nc6 23. d5 Nd4 24. Qd1 exd5 25. exd5 Nxc2 26. Qxc2 Qd4 27. Qf5 Be5 28. Ng4 Qxd5 29. Ne3 Qe6 30. Kh2 Qxf5 31. Nexf5 Bxb2 32. Nxh6+ Kf8 33. Nhf5 Be5 34. Kg1 b4 35. Ne3 b3 0-1

[Event "Voronezh op-B 19th"]
[Site "Voronezh"]
[Date "2015.06.20"]
[Round "8"]
[White "Provkin, Vladimir"]
[Black "Voronkov, Denis"]
[Result "1-0"]
[WhiteElo "2163"]
[BlackElo "2086"]
[PlyCount "71"]
[EventDate "2015.06.12"]
[EventType "swiss"]
[EventRounds "9"]
[EventCountry "RUS"]
[SourceTitle "CBM 167 Extra"]
[Source "ChessBase"]
[SourceDate "2015.09.14"]
[SourceVersion "1"]
[SourceVersionDate "2015.09.14"]
[SourceQuality "1"]

1. d4 e6 2. Nf3 d5 3. c4 f5 4. g3 Nf6 5. Bg2 c6 6. 0-0 Bd6 7. b3 Qe7 8. Bb2 0-0 9. Nbd2 Nbd7 10. Ne5 Bxe5 11. dxe5 Ng4 12. Nf3 f4 13. h3 Nh6 14. g4 Nf7 15. a4 Re8 16. Qd2 g5 17. e3 fxe3 18. fxe3 Nf8 19. Rf2 Ng6 20. Qc3 Bd7 21. Bf1 dxc4 22. Bxc4 c5 23. Bd3 Bc6 24. Bxg6 hxg6 25. Nd2 Kg7 26. Nc4 Rh8 27. e4 Raf8 28. Nd6 Nh6 29. Rf6 Kh7 30. Qd2 Ng8 31. Rxf8 Qxf8 32. Rf1 Qd8 33. Rf7+ Kh6 34. h4 Bxe4 35. hxg5+ Qxg5 36. Qh2+ 1-0

[Event "Voronezh-ch"]
[Site "Voronezh"]
[Date "2015.01.11"]
[Round "8"]
[White "Fadin, Evgeny"]
[Black "Provkin, Vladimir"]
[Result "1-0"]
[WhiteElo "2094"]
[BlackElo "2141"]
[PlyCount "131"]
[EventDate "2015.01.03"]
[EventType "swiss"]
[EventRounds "9"]
[EventCountry "RUS"]
[SourceTitle "CBM 164 Extra"]
[Source "ChessBase"]
[SourceDate "2015.03.02"]
[SourceVersion "1"]
[SourceVersionDate "2015.03.02"]
[SourceQuality "1"]

1. e4 c5 2. Nf3 d6 3. d4 Nf6 4. Nc3 cxd4 5. Nxd4 Nc6 6. Be2 e5 7. Nf3 h6 8. 0-0 Be7 9. h3 Be6 10. Re1 0-0 11. Bf1 Nb8 12. Nb1 Qc7 13. b3 a6 14. c4 Nbd7 15. Bb2 b5 16. cxb5 axb5 17. Bxb5 Nc5 18. Nc3 Qb7 19. Nd2 Bd8 20. b4 Ncd7 21. a3 Bb6 22. Nf3 Rac8 23. Qe2 Qb8 24. Ba6 Rcd8 25. Bc4 Nh5 26. Nd5 Bxd5 27. Bxd5 Nf4 28. Qd2 Nf6 29. Bc6 Qa7 30. a4 Rc8 31. Rac1 Ne6 32. a5 Bd8 33. Bd5 Rxc1 34. Rxc1 Nf4 35. Bc6 Qa6 36. Kh2 Bc7 37. g3 Ne6 38. Bd5 Bb8 39. Kg2 Nc7 40. Bc6 Nfe8 41. Nh4 Ba7 42. Nf5 Kh7 43. Rc2 Ne6 44. b5 Qc8 45. b6 Bb8 46. Bxe8 Qxe8 47. a6 Qa4 48. Qe2 g6 49. Nh4 Nc5 50. a7 Bxa7 51. bxa7 Qxa7 52. Qc4 Qa8 53. f3 Kg8 54. Bxe5 Nxe4 55. fxe4 dxe5 56. Nxg6 Re8 57. Nh4 Re6 58. Nf5 Kh7 59. Qd5 Qa4 60. Rc7 Kg6 61. Rc6 Kh7 62. Rxe6 Qc2+ 63. Kf3 Qc3+ 64. Kg4 h5+ 65. Kh4 Qc7 66. Rh6+ 1-0

[Event "Voronezh-ch"]
[Site "Voronezh"]
[Date "2015.01.10"]
[Round "7"]
[White "Kozlov, Sergej A"]
[Black "Provkin, Vladimir"]
[Result "0-1"]
[WhiteElo "1997"]
[BlackElo "2141"]
[PlyCount "96"]
[EventDate "2015.01.03"]
[EventType "swiss"]
[EventRounds "9"]
[EventCountry "RUS"]
[SourceTitle "CBM 164 Extra"]
[Source "ChessBase"]
[SourceDate "2015.03.02"]
[SourceVersion "1"]
[SourceVersionDate "2015.03.02"]
[SourceQuality "1"]

1. d4 Nf6 2. c4 g6 3. Nc3 Bg7 4. e4 d6 5. Nf3 0-0 6. Be2 Qe8 7. 0-0 e5 8. d5 a5 9. Ne1 Na6 10. Be3 Bd7 11. Nd3 b6 12. a3 a4 13. Qc2 Kh8 14. f3 Ng8 15. Bd1 Nc5 16. Nxc5 bxc5 17. b3 axb3 18. Qxb3 Rb8 19. Qc2 f5 20. Be2 f4 21. Bf2 g5 22. Rfb1 Qg6 23. Rxb8 Rxb8 24. Nb5 Nf6 25. a4 g4 26. Be1 gxf3 27. Bxf3 Ng4 28. Qe2 Ne3 29. Bf2 Nxg2 30. Bxg2 Bg4 31. Qd3 f3 32. Bg3 fxg2 33. Kxg2 Qh5 34. a5 Be2 35. Qc3 Qg4 36. a6 Qxe4+ 37. Kg1 Bh6 38. h3 Bd3 39. Qe1 Be3+ 40. Kh2 Bxc4 41. a7 Ra8 42. Nxc7 Qc2+ 43. Kh1 Be2 44. Kg2 Rf8 45. Bf4 Qe4+ 46. Kh2 Bxf4+ 47. Kg1 Rg8+ 48. Kf2 Bg3+ 0-1

[Event "Voronezh-ch"]
[Site "Voronezh"]
[Date "2015.01.04"]
[Round "2"]
[White "Ioffe, Ilya"]
[Black "Provkin, Vladimir"]
[Result "0-1"]
[WhiteElo "2034"]
[BlackElo "2141"]
[PlyCount "54"]
[EventDate "2015.01.03"]
[EventType "swiss"]
[EventRounds "9"]
[EventCountry "RUS"]
[SourceTitle "CBM 164 Extra"]
[Source "ChessBase"]
[SourceDate "2015.03.02"]
[SourceVersion "1"]
[SourceVersionDate "2015.03.02"]
[SourceQuality "1"]

1. e4 c5 2. c3 g6 3. d4 cxd4 4. cxd4 d5 5. e5 Nc6 6. Nc3 h5 7. Bb5 Nh6 8. Nge2 Bg4 9. f3 Bd7 10. 0-0 e6 11. Be3 Nf5 12. Bf2 Nb4 13. a3 Bxb5 14. Nxb5 Nc6 15. b4 h4 16. Qd3 Bh6 17. Nbc3 Rc8 18. Na4 b6 19. Ra2 0-0 20. Rc2 f6 21. exf6 Qxf6 22. Re1 Kh7 23. Nb2 h3 24. g3 e5 25. Nc3 Nfxd4 26. Nxd5 Qxf3 27. Bxd4 Nxd4 0-1

[Event "Voronezh-ch"]
[Site "Voronezh"]
[Date "2015.01.03"]
[Round "1"]
[White "Provkin, Vladimir"]
[Black "Chernov, Vladimir S"]
[Result "1-0"]
[WhiteElo "2141"]
[BlackElo "1969"]
[PlyCount "53"]
[EventDate "2015.01.03"]
[EventType "swiss"]
[EventRounds "9"]
[EventCountry "RUS"]
[SourceTitle "CBM 164 Extra"]
[Source "ChessBase"]
[SourceDate "2015.03.02"]
[SourceVersion "1"]
[SourceVersionDate "2015.03.02"]
[SourceQuality "1"]

1. d4 d5 2. Nf3 Nf6 3. c4 c6 4. e3 e6 5. Nc3 Nbd7 6. Bd3 Be7 7. 0-0 0-0 8. Qe2 dxc4 9. Bxc4 b5 10. Bd3 Bb7 11. Rd1 b4 12. Na4 Qa5 13. b3 c5 14. a3 cxd4 15. axb4 Bxb4 16. Nxd4 Bc3 17. Nxc3 Qxa1 18. Na2 e5 19. Ba3 Qxd1+ 20. Qxd1 Rfd8 21. Nf5 Nb6 22. Qb1 Kh8 23. f3 Rac8 24. Bb5 Bc6 25. Ba6 Rb8 26. Nb4 Bd5 27. Bb5 1-0

[Event "Voronezh CC-ch"]
[Site "Voronezh"]
[Date "2014.10.26"]
[Round "9"]
[White "Provkin, Vladimir"]
[Black "Elfimov, Kirill"]
[Result "0-1"]
[WhiteElo "2161"]
[BlackElo "2067"]
[PlyCount "37"]
[EventDate "2014.10.17"]
[EventType "swiss"]
[EventRounds "9"]
[EventCountry "RUS"]
[SourceTitle "CBM 163 Extra"]
[Source "ChessBase"]
[SourceDate "2014.12.23"]
[SourceVersion "1"]
[SourceVersionDate "2014.12.23"]
[SourceQuality "1"]

1. d4 d5 2. Nf3 Nc6 3. c4 e5 4. cxd5 Qxd5 5. Nc3 Bb4 6. Bd2 Bxc3 7. Bxc3 e4 8. Ne5 e3 9. f3 Nxe5 10. dxe5 Qxd1+ 11. Rxd1 Ne7 12. Rd3 Bf5 13. Rd4 c5 14. Rd6 Be6 15. g3 Bxa2 16. Bh3 0-0 17. 0-0 Nd5 18. Rc1 Rfd8 19. Bd7 0-1

[Event "Voronezh CC-ch"]
[Site "Voronezh"]
[Date "2014.10.25"]
[Round "8"]
[White "Rodin, Dmitrij"]
[Black "Provkin, Vladimir"]
[Result "1/2-1/2"]
[WhiteElo "2333"]
[BlackElo "2161"]
[PlyCount "64"]
[EventDate "2014.10.17"]
[EventType "swiss"]
[EventRounds "9"]
[EventCountry "RUS"]
[SourceTitle "CBM 163 Extra"]
[Source "ChessBase"]
[SourceDate "2014.12.23"]
[SourceVersion "1"]
[SourceVersionDate "2014.12.23"]
[SourceQuality "1"]

1. g3 c5 2. Bg2 Nc6 3. c4 g6 4. Nf3 Bg7 5. 0-0 d6 6. Nc3 e5 7. Rb1 Nge7 8. a3 a5 9. d3 0-0 10. Bd2 h6 11. Ne1 Bg4 12. Nc2 Qd7 13. Ne3 Bh3 14. Ned5 Bxg2 15. Kxg2 Nxd5 16. Nxd5 Ne7 17. Nxe7+ Qxe7 18. b4 axb4 19. axb4 b6 20. Qc2 Ra7 21. Rb3 h5 22. Rfb1 h4 23. bxc5 bxc5 24. Rb8 Rxb8 25. Rxb8+ Kh7 26. f3 hxg3 27. hxg3 Rb7 28. Rxb7 Qxb7 29. Kf2 Bh6 30. Bc3 Qd7 31. Kg2 Be3 32. Qb3 Qa7 1/2-1/2

[Event "Voronezh CC-ch"]
[Site "Voronezh"]
[Date "2014.10.22"]
[Round "5"]
[White "Provkin, Vladimir"]
[Black "Artemov, Nikita"]
[Result "1-0"]
[WhiteElo "2161"]
[BlackElo "2052"]
[PlyCount "53"]
[EventDate "2014.10.17"]
[EventType "swiss"]
[EventRounds "9"]
[EventCountry "RUS"]
[SourceTitle "CBM 163 Extra"]
[Source "ChessBase"]
[SourceDate "2014.12.23"]
[SourceVersion "1"]
[SourceVersionDate "2014.12.23"]
[SourceQuality "1"]

1. d4 f5 2. Bg5 g6 3. Nc3 d5 4. e3 Bg7 5. Bd3 Nf6 6. Bxf6 Bxf6 7. f4 Be6 8. Nf3 Nd7 9. Ne2 c5 10. c3 Qa5 11. 0-0 c4 12. Bc2 b5 13. Ne5 Bxe5 14. fxe5 Qb6 15. Nf4 Bf7 16. a4 e6 17. axb5 0-0 18. h4 Rfd8 19. Qe1 Qxb5 20. Ra2 Nb6 21. Qg3 Qe8 22. Rfa1 Qe7 23. Nh5 Rdb8 24. Nf6+ Kh8 25. Qg5 Rb7 26. Ra6 Nd7 27. Ba4 1-0

[Event "Voronezh CC-ch"]
[Site "Voronezh"]
[Date "2014.10.21"]
[Round "4"]
[White "Klimentov, Evgeny"]
[Black "Provkin, Vladimir"]
[Result "1-0"]
[WhiteElo "2165"]
[BlackElo "2161"]
[PlyCount "157"]
[EventDate "2014.10.17"]
[EventType "swiss"]
[EventRounds "9"]
[EventCountry "RUS"]
[SourceTitle "CBM 163 Extra"]
[Source "ChessBase"]
[SourceDate "2014.12.23"]
[SourceVersion "1"]
[SourceVersionDate "2014.12.23"]
[SourceQuality "1"]

1. e4 c5 2. Nf3 d6 3. d4 Nf6 4. Nc3 cxd4 5. Nxd4 Bd7 6. Be2 e5 7. Ndb5 Bc6 8. Nd5 Bxd5 9. exd5 Be7 10. 0-0 0-0 11. c4 Nfd7 12. Be3 a5 13. a3 f5 14. f4 Na6 15. fxe5 dxe5 16. d6 Bg5 17. Qd5+ Kh8 18. Bf2 Rc8 19. Qxb7 Nac5 20. Qd5 Ne4 21. Kh1 Nxf2+ 22. Rxf2 Rc5 23. Qd1 Be3 24. Rf3 f4 25. b4 Rc8 26. c5 e4 27. Rxe3 fxe3 28. Nd4 Rf2 29. c6 Qg5 30. Qg1 Rxc6 31. Nxc6 Rxe2 32. Nxa5 Ne5 33. Re1 Rxe1 34. Qxe1 Nd3 35. Qe2 Qf6 36. Nb3 Qxd6 37. Qxe3 Qf6 38. h3 Qf1+ 39. Kh2 Qf5 40. Nd2 Qe5+ 41. Kg1 Qa1+ 42. Kh2 Qe5+ 43. Kg1 Qa1+ 44. Nf1 h6 45. Qxe4 Qxa3 46. Qe8+ Kh7 47. b5 Qc5+ 48. Kh2 Qd6+ 49. Ng3 Nf4 50. Qc6 Qxc6 51. bxc6 Ne6 52. Ne4 Kg6 53. Kg3 Kf7 54. Kg4 g6 55. Nc5 h5+ 56. Kh4 Nc7 57. Kg5 Kg7 58. g4 hxg4 59. hxg4 Kf7 60. Kh6 Kf6 61. Nb3 g5 62. Na5 Ne6 63. Nc4 Nc7 64. Nd2 Ke5 65. Nc4+ Kf6 66. Ne3 Ke5 67. Kxg5 Kd6 68. Kf6 Kxc6 69. g5 Ne8+ 70. Kf7 Kd7 71. Nf5 Nc7 72. g6 Ne6 73. Ng3 Kd6 74. Nh5 Ke5 75. Ng3 Nd8+ 76. Ke7 Nc6+ 77. Kf8 Nd8 78. Kg7 Ne6+ 79. Kh6 1-0

[Event "Voronezh Zagorovsky Memorial"]
[Site "Voronezh"]
[Date "2014.07.09"]
[Round "9"]
[White "Provkin, Vladimir"]
[Black "Kovalenko, Sergey"]
[Result "0-1"]
[WhiteElo "2132"]
[BlackElo "2128"]
[PlyCount "80"]
[EventDate "2014.07.01"]
[EventType "swiss"]
[EventRounds "9"]
[EventCountry "RUS"]
[SourceTitle "CBM 161 Extra"]
[Source "ChessBase"]
[SourceDate "2014.08.29"]
[SourceVersion "1"]
[SourceVersionDate "2014.08.29"]
[SourceQuality "1"]

1. d4 Nf6 2. Bg5 e6 3. Nf3 h6 4. Bh4 d5 5. c4 Be7 6. e3 0-0 7. Qc2 c5 8. dxc5 Qa5+ 9. Nbd2 Qxc5 10. Rc1 Nc6 11. a3 Rd8 12. Be2 Qb6 13. 0-0 a5 14. Rfd1 a4 15. c5 Qa5 16. Nd4 Bd7 17. Bg3 Nxd4 18. exd4 Rac8 19. Qc3 Qxc3 20. bxc3 Bc6 21. Rb1 Nd7 22. Nf3 f6 23. Bb5 b6 24. cxb6 Nxb6 25. Ba6 Nc4 26. Bxc8 Rxc8 27. Nd2 Nxa3 28. Rb6 Nb5 29. Rb1 Nxc3 30. Rb8 Rxb8 31. Rxb8+ Kf7 32. Kf1 a3 33. Nb3 Ba4 34. Na1 a2 35. f3 Bb5+ 36. Ke1 Ba3 37. Kd2 Bb2 38. Rb7+ Kg6 39. Nc2 Nb1+ 40. Ke3 Na3 0-1

[Event "Voronezh op-B 18th"]
[Site "Voronezh"]
[Date "2014.06.14"]
[Round "3"]
[White "Kozlov, Sergej A"]
[Black "Provkin, Vladimir"]
[Result "1/2-1/2"]
[WhiteElo "1954"]
[BlackElo "2149"]
[PlyCount "168"]
[EventDate "2014.06.12"]
[EventType "swiss"]
[EventRounds "9"]
[EventCountry "RUS"]
[SourceTitle "EXT 2015"]
[Source "ChessBase"]
[SourceDate "2014.11.20"]
[SourceVersion "1"]
[SourceVersionDate "2014.11.20"]
[SourceQuality "1"]

1. d4 Nf6 2. c4 g6 3. Nc3 Bg7 4. e4 d6 5. Nf3 0-0 6. Be2 Qe8 7. 0-0 e5 8. dxe5 dxe5 9. Be3 Na6 10. h3 c6 11. b4 Qe7 12. a3 Nh5 13. Rc1 Nf4 14. Qc2 Re8 15. Rfd1 g5 16. Nd2 Nc7 17. c5 Nce6 18. Nc4 Nd4 19. Qb2 Be6 20. Nd6 Red8 21. Bc4 Rab8 22. Qa2 Qf6 23. Bxe6 fxe6 24. Re1 Qg6 25. Bxf4 gxf4 26. Kh2 Kh8 27. f3 Bf8 28. Nc4 Rd7 29. Qf2 Bg7 30. Ne2 Rbd8 31. Nd6 Nb5 32. Nxb5 cxb5 33. Qf1 Bf6 34. Red1 Rd2 35. Qe1 R2d7 36. Rxd7 Rxd7 37. Rd1 Bh4 38. Qf1 Qe8 39. Nc3 a6 40. Kg1 Qd8 41. Rxd7 Qxd7 42. Qd1 Qd4+ 43. Qxd4 exd4 44. Nd1 d3 45. Nb2 d2 46. Kf1 Bf6 47. Nd1 Bd4 48. Ke2 Be3 49. Nb2 Kg7 50. g3 Bd4 51. Nd3 fxg3 52. Nf4 Kf7 53. Kxd2 Bb2 54. Ke2 Bd4 55. Kf1 a5 56. Kg2 axb4 57. axb4 Bf2 58. Nd3 Be3 59. Kxg3 Bd2 60. f4 Kf6 61. Kg4 Bc3 62. h4 Bd2 63. h5 Bc3 64. e5+ Kf7 65. f5 Bd2 66. f6 Bc3 67. Kf4 Bd2+ 68. Ke4 Ke8 69. Kd4 Kd7 70. Ke4 Ke8 71. Kf3 Kd7 72. Kg4 Ke8 73. Kf3 Kd7 74. Ke2 Bh6 75. Nf2 Bf4 76. Ng4 Ke8 77. Kd3 Kf7 78. Kc3 Ke8 79. Kd3 Kf8 80. Kd4 Bd2 81. c6 bxc6 82. Kc5 Kf7 83. Kxc6 Bxb4 84. Kxb5 Bc3 1/2-1/2

[Event "Voronezh op-B 18th"]
[Site "Voronezh"]
[Date "2014.06.13"]
[Round "2"]
[White "Provkin, Vladimir"]
[Black "Alkaev, Ruslan"]
[Result "1-0"]
[WhiteElo "2149"]
[BlackElo "1983"]
[PlyCount "61"]
[EventDate "2014.06.12"]
[EventType "swiss"]
[EventRounds "9"]
[EventCountry "RUS"]
[SourceTitle "EXT 2015"]
[Source "ChessBase"]
[SourceDate "2014.11.20"]
[SourceVersion "1"]
[SourceVersionDate "2014.11.20"]
[SourceQuality "1"]

1. d4 Nf6 2. Bg5 Ne4 3. Bf4 c5 4. f3 Qa5+ 5. c3 Nf6 6. d5 d6 7. e4 Nbd7 8. a4 g6 9. Na3 Nh5 10. Be3 Bg7 11. Nc4 Qc7 12. Ne2 b6 13. Qd2 h6 14. g4 Nhf6 15. Ng3 a6 16. Be2 Bb7 17. 0-0 0-0-0 18. b4 Kb8 19. Rab1 Ka7 20. Rb3 Ne8 21. Rfb1 Rb8 22. Nxb6 Nxb6 23. bxc5 dxc5 24. Rxb6 Qxb6 25. Rxb6 Kxb6 26. Qb2+ Kc7 27. Bf4+ Nd6 28. e5 g5 29. exd6+ exd6 30. Bxd6+ Kxd6 31. Nf5+ 1-0

[Event "Voronezh Rating op 03-A"]
[Site "Voronezh"]
[Date "2014.03.07"]
[Round "7"]
[White "Provkin, Vladimir"]
[Black "Mokshin, Maksim"]
[Result "1/2-1/2"]
[WhiteElo "2156"]
[BlackElo "1972"]
[PlyCount "144"]
[EventDate "2014.03.01"]
[EventType "swiss"]
[EventRounds "9"]
[EventCountry "RUS"]
[SourceTitle "EXT 2015"]
[Source "ChessBase"]
[SourceDate "2014.11.20"]
[SourceVersion "1"]
[SourceVersionDate "2014.11.20"]
[SourceQuality "1"]

1. d4 Nf6 2. Bg5 d5 3. Bxf6 exf6 4. e3 Bd6 5. g3 c6 6. Nd2 0-0 7. Bg2 Re8 8. a3 Be6 9. Ne2 Qc8 10. 0-0 Bh3 11. c4 Bxg2 12. Kxg2 dxc4 13. Nxc4 Bc7 14. Qb3 Nd7 15. Rac1 Nb6 16. Nxb6 Bxb6 17. d5 c5 18. Rfd1 Qd7 19. Nc3 Rac8 20. Qc4 f5 21. Kg1 h6 22. Rd3 Ba5 23. Qb5 Qxb5 24. Nxb5 c4 25. Rdd1 Red8 26. Nxa7 Rc7 27. b4 cxb3 28. Rb1 Bb6 29. Nb5 Rc5 30. Rxb3 Rcxd5 31. Rxd5 Rxd5 32. Kf1 Bc5 33. Ke2 g6 34. Rd3 Re5 35. Rb3 Re7 36. Kd3 Kf8 37. Kc4 b6 38. Rd3 Re6 39. Rd8+ Ke7 40. Ra8 Kf6 41. a4 Re4+ 42. Kd5 Re5+ 43. Kc6 Re6+ 44. Kd7 Re7+ 45. Kd8 Ke5 46. Rc8 Re6 47. Nc3 Rd6+ 48. Ke8 Bb4 49. Nb5 Rd2 50. f3 Rxh2 51. Kxf7 Rg2 52. Rc4 Bc5 53. Nc7 Kd6 54. Ne6 Bxe3 55. Rc3 Bg1 56. Rd3+ Kc6 57. Kxg6 Rxg3+ 58. Kxf5 h5 59. Ng5 h4 60. Ne4 Rg2 61. Rd6+ Kb7 62. Rh6 Ra2 63. Rxh4 Kb8 64. Rg4 Be3 65. Nf6 Ka7 66. Re4 Bf2 67. f4 Ka6 68. Ng4 Bc5 69. Ne5 Rb2 70. Rc4 Rb4 71. Rxb4 Bxb4 72. Nc6 Be1 1/2-1/2